| 000 | 01495 a2200301 4500 | ||
|---|---|---|---|
| 003 | BJBSDDR | ||
| 005 | 20240405111551.0 | ||
| 007 | ta | ||
| 008 | 220224s2018 tu 00| 0 eng d | ||
| 020 | _a9786051853192 (Harcover) | ||
| 040 |
_cBJBSDDR _bspa |
||
| 041 | _aeng | ||
| 050 | 1 | 4 |
_aPL 248 _bU51f 2018 |
| 100 | 1 |
_aÜmit, Ahmet, _d1960- _934526 |
|
| 245 | 1 | 4 |
_aThe flock / _cAhmet Ümit ; Elke Dixon (Translator). |
| 260 |
_aİstanbul : _bEverest Publications, _c2018. |
||
| 300 |
_a412 pages ; _c24 cm |
||
| 440 | 0 |
_aContemporary Turkish literature (Istanbul, Turkey) _934527 |
|
| 504 | _aIn English translated from Turkish. | ||
| 520 | _aA man killed by a knife with a cross-shaped hilt. A Bible with passages stained by a man's blood. A journey into the depths of this land, from Istanbul to Anatolia, into the ancient temples of ancient faiths. A journey into Christianity's roots in Anatolia and a paean to the vanishing cultures of a land that was once home to ancient tribes-- The Assyrians, the Nusayris, the Greeks, Turks, Kurds and other peoples that turned this land into a country. A spellbinding novel that explores the rich tapestry of cultures that make up this country. | ||
| 650 | 4 |
_aCristianismo _91106 _xFicción _zTurquía |
|
| 650 | 4 |
_aNovela _94064 _xFicción |
|
| 650 | 4 |
_aLiteratura turca _927373 |
|
| 651 | 4 |
_aTurquía _xVida social y costumbres _xFicción _932763 |
|
| 700 | 1 |
_aDixon, Elke. _934528 _etranslator |
|
| 942 |
_2lcc _cBK _n0 |
||
| 946 | _irmza | ||
| 999 |
_c120740 _d120740 |
||